000 nam a22 7a 4500
999 _c8639
_d8639
008 180118b ||||| |||| 00| 0 eng d
100 _aGupta S. P
_92860
245 _aWork Book Environment
260 _aNew Delhi
_bArya publication
_c2009